La France contre le monde (du XIX au XXI siècle) - Statistiques

Statistiques générales
  • Ce quiz a été pris 153 fois
  • Le résultat moyen est 23 sur 35
Statistiques - réponses
Pays % Correct
Allemagne
99%
Russie
95%
Espagne
94%
Royaume uni
93%
Italie
92%
Algérie
88%
Autriche
85%
Japon
85%
Maroc
85%
Chine
82%
Portugal
82%
Hongrie
78%
Empire Ottoman
76%
Tunisie
76%
Viet nam
75%
Egypte
71%
Irak
70%
Pays Bas
69%
Iran
68%
Suède
62%
Mexique
58%
Cambodge
57%
Syrie
56%
Libye
55%
Yougoslavie
55%
Laos
53%
Finlande
48%
Corée du nord
47%
Roumanie
47%
Thailande
43%
Bulgarie
41%
Croatie
32%
Slovaquie
28%
Tchad
25%
Madagascar
22%
Aucun quiz correspondant
Distribution des résultats
% des personnes avec chaque résultat
Percentile par nombre de réponses
Votre historique - résultats
Vous n’avez pas pris ce quiz